| 000 | 01316nam0a22003011 4500 | ||
|---|---|---|---|
| 001 | rc\4789607 | ||
| 005 | 20250613071814.0 | ||
| 021 |
_aRU _b[62-24977] |
||
| 035 | _a(NLR Aleph) 009007048 | ||
| 090 |
_a9343623 _c9343623 |
||
| 100 | _a20130417d1962 |||y0rusy50 ca | ||
| 101 | 0 | _afre | |
| 102 | _aRU | ||
| 105 | _aa z |||a| | ||
| 200 | 1 |
_aКаждая птица вьет себе гнездо _eПо рассказу Жана Оливье _aМаленький олененок _eПо рассказу Жоржа Нигремона _eКнига для чтения на фр. яз. для учащихся VI класса восьмилет. школы _fАдаптация, коммент. и словарь В.В. Благовещенского и Ю.Г. Недель |
|
| 210 |
_aМосква _cУчпедгиз _d1962 |
||
| 215 |
_a40 с. _cил. _d20 |
||
| 300 | _aНа обл.: Chaque oiseau fait son nid | ||
| 512 | 0 | _aChaque oiseau fait son nid | |
| 700 | 1 |
_7ca _8rus _aОливье _bЖ. _f1925-2005 _gЖан _92642591 _3RU\NLR\AUTH\770273474 |
|
| 702 | 1 |
_aНедель _bЮ.Г. _4212 |
|
| 702 | 1 |
_aНигремон _bЖ. _gЖорж _4100 |
|
| 702 | 1 |
_aБлаговещенский _bВ.В. _4212 |
|
| 801 | 0 |
_aRU _bNLR _gpsbo |
|
| 801 | 1 |
_aRU _bELAR _2rusmarc |
|
| 852 |
_aNLR _j62-4/7268 |
||
| 942 | _cBOOK | ||
| 980 | _aNB | ||